Barcelona en la Revolución de 1868 / (Record no. 190725)

MARC details
000 -LEADER
campo de control de longitud fija 01003nam a2200241 i 4500
001 - NÚMERO DE CONTROL
campo de control 190725
003 - IDENTIFICADOR DE NÚMERO DE CONTROL
campo de control ES-MaACL
005 - FECHA Y HORA DE LA ÚLTIMA TRANSACCIÓN
campo de control 20240410103419.0
008 - DATOS DE LONGITUD FIJA--INFORMACIÓN GENERAL
campo de control de longitud fija 220520s1975 sp 000 0 spa
080 ## - NÚMERO DE LA CLASIFICACIÓN DECIMAL UNIVERSAL
Número de la Clasificación Decimal Universal 946.711 B."1868/70"(043.2)
100 1# - ENTRADA PRINCIPAL--NOMBRE DE PERSONA
Nombre de persona Cardona Castro, Francisco Luis.
9 (RLIN) 35184
245 10 - MENCIÓN DEL TÍTULO
Título Barcelona en la Revolución de 1868 /
Mención de responsabilidad, etc. por Francisco Luis Cardona Castro.
260 ## - PUBLICACIÓN, DISTRIBUCIÓN, ETC.
Lugar de publicación, distribución, etc. Barcelona :
Nombre del editor, distribuidor, etc. Universidad de Barcelona, [Facultad de Filosofía y Letras],
Fecha de publicación, distribución, etc. 1975.
300 ## - DESCRIPCIÓN FÍSICA
Extensión 18 p. ;
Dimensiones 24 cm.
502 ## - NOTA DE TESIS
Nota de tesis Tesis-Univ. Barcelona (Extracto)
594 ## - Nota al título y mención de responsabilidad
Nota al título y mención de responsabilidad Precede al tít.: Universidad de Barcelona. Secretariado de Publicaciones, Intercambio Científico y Extensión Universitaria
651 #4 - PUNTO DE ACCESO ADICIONAL DE MATERIA--NOMBRE GEOGRÁFICO
Nombre geográfico Barcelona-
Subdivisión general Historia-
Subdivisión cronológica S.XIX.
9 (RLIN) 149268
655 ## - TERMINO DE INDIZACIÓN--GENERO/FORMA
Datos o término principal de género/forma Tesis y escritos académicos
9 (RLIN) 226867
710 2# - ENTRADA AGREGADA--NOMBRE DE ENTIDAD CORPORATIVA
Nombre de entidad corporativa o nombre de jurisdicción como elemento de entrada Universidad de Barcelona.
Unidad subordinada Facultad de Filosofía y Letras.
9 (RLIN) 7149
852 4# - LOCALIZACIÓN
Ubicación ES-MaACL
Número de control de estantería P-1415 (139)
itemnumber 197907
Sublocalización o colección R.68610
Ubicación en estantería Depósito 2
942 ## - ELEMENTOS DE ENTRADA SECUNDARIOS (KOHA)
Fuente del sistema de clasificación o colocación Clasificación decimal universal
Holdings
Estatus retirado Estado de pérdida Fuente del sistema de clasificación o colocación Estado de daño No para préstamo Biblioteca de origen Biblioteca actual Ubicación en estantería Fecha de adquisición Fuente de adquisición Total de préstamos Signatura topográfica completa Código de barras Visto por última vez Precio de reemplazo Tipo de ítem Koha
    Clasificación decimal universal     Biblioteca del Ateneo de Madrid Biblioteca del Ateneo de Madrid Depósito 2 20/05/2022 Donación   P-1415 (139) 1202968 23/02/2023 23/02/2023 Libro impreso